| 000 | 00446nam a2200145Ia 4500 | ||
|---|---|---|---|
| 999 |
_c15061 _d15061 |
||
| 082 | _aRK.0146 | ||
| 100 | _aKulandaiswamy, V. | ||
| 245 | 0 | _aImpact of dairy cooperatives in rural Tamilnadu | |
| 260 |
_c1990 _bICSSR, New Delhi |
||
| 300 | _a138 | ||
| 650 | _aDAIRYING, COOPERATIVE - TAMIL NADU | ||
| 650 | _aWOMEN IN COOPERATIVE SOCIETIES - TAMIL NADU | ||
| 710 | _aSri Ramakrishna Mission Vidyalaya Arts College, Coimbatore | ||
| 942 |
_cRP _2ddc |
||